| 000 | 00861cam a2200193 4500 | ||
|---|---|---|---|
| 001 | 4245 | ||
| 010 | _a 2010347449 | ||
| 020 | _a9789291152858 | ||
| 245 | 1 | 4 |
_aThe value chain approach for mountain development : _bCase studies from Uttarakhand / _c[Dyutiman Choudhary]. |
| 260 |
_aKathmandu : _bInternational Centre for Integrated Mountain Development, _c2013. |
||
| 300 |
_avi, 34 p. ; _bcol. ill., col. map ; _c30 cm. |
||
| 500 | _aCD Available to Accompany Text. | ||
| 650 |
_aAsia --Hindu Kush Mountains. _v _x _y _z _2 |
||
| 650 |
_aMountains. _v _x _y _z _2 |
||
| 650 |
_aRegional planning --Case studies. _v _x _y _z _2 |
||
| 651 |
_aHimalaya Mountains Region. _v _x _y _z _2 |
||
| 710 | 2 | _aInternational Centre for Integrated Mountain Development. | |
| 856 |
_a _uhttp://lib.icimod.org/record/28849/files/WP2013-6.pdf _yThe value chain approach for mountain development. _z _3 |
||
| 999 |
_c3494 _d3494 |
||